| 000 | 00901nam a2200253Ia 4500 | ||
|---|---|---|---|
| 003 | OSt | ||
| 005 | 20220927105654.0 | ||
| 006 | a|||||r|||| 00| 0 | ||
| 007 | ta | ||
| 008 | 220926b |||||||| |||| 00| 0 eng d | ||
| 024 | _a194942 | ||
| 037 | _cReference Collections | ||
| 040 |
_aRTL _cRTL _beng |
||
| 041 |
_2eng _aeng |
||
| 082 | _a"XM8,72.2.N9, P9/TH" | ||
| 100 |
_aGUPTA Pradeep _9374143 |
||
| 245 | 0 |
_a"Transfer pricing, taxes, and tariffs" _b A study of select multi-national corporations. |
|
| 260 |
_a"Delhi," _bUniversity of Delhi. _c2009 |
||
| 300 |
_a"v,241p. Bibliography: p 192-201" _ccm. |
||
| 490 | _a"University of Delhi,Commerce ( Deptt.of-),Thesis. Thesis, University of Delhi, Commerce (Deptt.of-" | ||
| 500 | _aAppendix: p 202-241 | ||
| 942 |
_h"XM8,72.2.N9, P9/TH" _cCC |
||
| 999 |
_c693837 _d693837 |
||